All Carti Songs - Estadísticas

Estadísticas generales
  • Esta prueba ha sido intentada 30 veces
    6 desde el último reinicio
  • La puntuación promedio es 28 de 119
Estadísticas de respuestas
Album Number Song % Correcto
27 dothatshit!
75%
30 (Ft. Leven Kali) Flex
75%
53 (Ft. Kanye West) Go2DaMoon
75%
23 Half & Half
75%
Playboi Carti(2017) 18 Location
75%
19 Magnolia
75%
24 (Ft. A$AP Rocky) New Choppa
75%
26 NO. 9
75%
21 (Ft. Lil Uzi Vert) wokeuplikethis*
75%
29 Yah Mean
75%
46 FlatBed Freestyle
50%
32 Had 2
50%
93 (with Lil Uzi Vert) JUMPIN
50%
31 Kelly K
50%
35 (Ft. Skepta) Lean 4 Real
50%
22 Let It Go
50%
Die Lit(2018) 33 Long Time (Intro)
50%
20 (Ft. Lil Uzi Vert) Lookin
50%
57 (Ft. Kid Cudi) M3tamorphosis
50%
64 New N3on
50%
60 New Tank
50%
71 Over
50%
34 R.I.P
50%
Whole Lotta Red(2020) 52 Rockstar Made
50%
38 (Ft. Lil Uzi Vert) Shoota
50%
70 Sky
50%
58 Slay3r
50%
54 Stop Breathing
50%
61 (Ft. Future) Teen X
50%
51 (Ft. Pi'erre Bourne) Top
50%
106 2024
25%
16 (Ft. Yung Bans) 4Tspoon
25%
85 (Ft. Kendrick Lamar & Jhené Aiko) BACKD00R
25%
107 (with Travis Scott) BACKR00MS
25%
55 Beno!
25%
49 (Ft. Young Thug) Choppa Won't Miss
25%
65 Control
25%
88 CRANK
25%
77 (with Travis Scott) CRUSH
25%
73 Die4Guy
25%
101 DIS 1 GOT IT
25%
42 (Ft. Bryson Tiller) Fell In Luv
25%
8 (Ft. Da$H & Maxo Kream) Fetti
25%
116 (2024) (with Y$, Don Toliver & Kodak Black) FIELD TRIP
25%
43 Foreign
25%
41 Home (KOD)
25%
72 ILoveIHateU
25%
115 (2024) (with Camila Cabello) I LUV IT
25%
56 JumpOutTheHouse
25%
28 Lame Niggaz
25%
37 (Ft. Travis Scott) Love Hurts
25%
62 Meh
25%
112 (2020) @MEH
25%
48 (Ft. Red Coldhearted) Middle Of The Summer
25%
45 (Ft. Chief Keef) Mileage
25%
47 (Ft. Gunna) No Time
25%
74 Not PLaying
25%
36 Old Money
25%
97 OLYMPIAN
25%
67 On That Time
25%
25 Other Shit
25%
10 Paper
25%
69 Place
25%
17 (Ft. Kodak Black & Rich The Kid) Plug
25%
40 (Ft. Nicki Minaj) Poke It Out
25%
44 Pull Up
25%
39 (Ft. Pi'erre Bourne) Right Now
25%
50 (Ft. Young Nudy) R.I.P Fredo (Notice Me)
25%
118 (2024) (with The Weeknd) Timeless
25%
63 Vamp Anthem
25%
102 WALK
25%
96 (with Young Thug & Ty Dolla $ign) WE NEED ALL DA VIBES
25%
In Abundance(2016) 1 YUNGXANHOE
25%
9 (Ft. Lamb) 2Door
0%
117 (2024) ALL RED
0%
119 (2025) (with Latto) Blick Sum
0%
Singles & EP 109 (2017) Broke Boi
0%
89 (with Future & Travis Scott) CHARGE DEM HOES A FEE
0%
95 COCAINE NOSE
0%
4 Count It Up
0%
110 (2017) (with DRAM) Crumbs
0%
7 (Ft. Ramriddlz) Dem Callin'
0%
MUSIC-SORRY 4 DA WAIT(2025) 105 DIFFERENT DAY
0%
6 (Ft. Hoodrich Keem) Don't Tell Nobody
0%
79 EVIL J0RDAN
0%
75 F33l Lik3 Dying
0%
84 FINE SHIT
0%
108 FOMDJ
0%
15 (Ft. Ethereal) Freestyle 4 The People
0%
90 (with Kendrick Lamar) GOOD CREDIT
0%
3 (Ft. Slug Christ) I Got Depressed Hoes
0%
91 I SEEEEEE YOU BABY BOI
0%
68 King Vamp
0%
78 K POP
0%
100 LIKE WEEZY
0%
113 (2021) (with Trippie Redd) Miss The Rage
0%
80 MOJO JOJO
0%
87 MUNYUN
0%
59 No Sl33p
0%
98 OPM BABI
0%
103 OVERLY
0%
111 (2019) (with SAFE) Paid In Full
0%
81 (with Travis Scott) PHILLY
0%
MUSIC(2025) 76 POP OUT
0%
11 Pray 4 Me
0%
66 Punk Monk
0%
12 (Ft. Neako) Purple Pool
0%
82 RADAR
0%
83 (with The Weeknd) RATHER LIE
0%
13 Sneak Dissin
0%
104 SOUTH ATLANTA BABY
0%
2 Talk
0%
86 (with Skepta) TOXIC
0%
94 (with Future) TRIM
0%
99 (with Lil Uzi Vert) TWIN TRIM
0%
114 (2021) (with ABRA & Boys Noize) Unlock It
0%
92 (with Travis Scott) WAKE UP F1LTHY
0%
14 What We Doin'
0%
5 (Ft. UnoTheActivist) Whole Thang
0%
No se encontraron pruebas coincidentes
Distribución de puntuación
Porcentaje de gente con cada puntuación
Porcentaje por número respondido
Historial de tus puntuaciones
No has intentado esta prueba desde el último reinicio